| 000 | 00765nam a22002177a 4500 | ||
|---|---|---|---|
| 999 |
_c76 _d76 |
||
| 003 | AR-CdUCM | ||
| 008 | 190221b ||||| |||| 00| 0 spa d | ||
| 020 | _a84-205-0384-3 | ||
| 040 |
_aMUNICIPALIDAD PROVINCIAL DEL CUSCO _cBIBLIOTECA MUNICIPAL DEL CUSCO |
||
| 082 |
_a868.57 / _bD42 |
||
| 100 |
_aDe Pereda, José Maria _9361 |
||
| 245 | _aSotileza / | ||
| 260 |
_aPerú : _bAlhambra , _c1977. |
||
| 300 |
_a384 páginas ; _c20 cm. |
||
| 505 | _aNotas a su producción literaria -- Breve analisis de sotileza -- Escritos costumbristas -- EL afán de la tesis -- La superación de dos caminos ... | ||
| 650 |
_aObra literaria. _9308 |
||
| 650 |
_aLiteratura española. _9362 |
||
| 700 |
_aMiralles, Enrique. _9363 |
||
| 942 |
_2ddc _cLIBROS |
||
| 945 |
_awfj _d2019-02-21 |
||